Fuelwood supplies in the developing countries

Bibliographic Details
Main Author: DE Montalembert
Corporate Author: Food and Agriculture Organization of the United Nations (FAO)
Other Authors: Clement
Format: Book
Published: Rome : Food and Agrictulture Organization of the United Nations , 1983
Subjects:

MARC

LEADER 00000cam a2200000 7i4500
001 0000001237
005 20140323.0
020 0 0 |a 9251012520 
090 0 0 |a FAO338.17498   |b DEM 1983 
100 1 0 |a DE Montalembert   |h M. R. 
245 1 0 |a Fuelwood supplies in the developing countries   |c by M.R. de Montalembert and J. Clement 
260 0 0 |a Rome :   |b Food and Agrictulture Organization of the United Nations ,   |c 1983 
300 |a ix, 125 p. :   |b ill. ;   |c 30 cm. 
500 0 0 |a FAO forestry paper ; v. 42 
650 0 0 |a Forests and forestry 
650 0 0 |a Fuel 
650 0 0 |a Wood 
700 0 1 |a Clement   |h J. 
710 1 1 |a Food and Agriculture Organization of the United Nations (FAO) 
998 |a JPSM 
999 |a 0000002177   |b Monograph   |c Food and Agriculture Organization   |e Default branch